Escribir mejor 9 : la ortografía en uso /

Guardado en:
Autor Principal: Calero, Silvia
Otros Autores: Vargas, Sebastián
Formato: Libro
Publicado: Buenos Aires : Estrada, 1998
Materias:
Etiquetas: Agregar Etiqueta
Sin Etiquetas, Sea el primero en etiquetar este registro!
LEADER 01142nam a22002535a 4500
001 CEM.cems009857
005 20080704100433.0
008 130507s1998##################000#0#####d
003 CEMS
020 |a 9500107430 
082 0 4 |a 468.1 
100 1 |a Calero, Silvia 
245 1 0 |a Escribir mejor 9 :  |b la ortografía en uso /  |c Silvia Calero, Sebastián Vargas 
260 |a Buenos Aires :  |b Estrada,  |c 1998 
300 |a 95 p. 
500 |a Para Tercer ciclo de Educación General Básica 
505 0 |a Todo lo que hay que saber sobre verbos para escribir relatos -- Todo lo que hay que saber sobre adjetivos y sustantivos para escribir descripciones -- Todo lo que hay que saber de puntuación para escribir argumentaciones -- Todo lo que hay que saber de tildación para escribir instrucciones 
653 |a Lengua 
653 |a Lengua-egb 
653 |a Ortografía 
700 1 |a Vargas, Sebastián 
859 |a CEMS  |b BIB. CEMS - 11 de abril  |h 468.1  |i C128  |p 20659.99  |t Ej.1  |v  9º  |3  9º 
859 |a CEMS  |b BIB. CEMS - 11 de abril  |h 468.1  |i C128  |p 20697.00  |t Ej.2  |v  9º  |3  9º 
859 |a CEMS  |b BIB. CEMS - 11 de abril  |h 468.1  |i C128  |p 20698.00  |t Ej.3  |v  9º  |3  9º